Trường học của người Việt định cư tại Cộng hòa dân chủ nhân dân Lào /

Saved in:
Bibliographic Details
Main Author: Nghiêm Thị Hải Yến.
Format: Article
Language:Vietnamese
Subjects:
Tags: Add Tag
No Tags, Be the first to tag this record!
Institutions: Thư viện Trường Đại học Đà Lạt
LEADER 00866nam a2200289 4500
001 DLU180185797
005 ##20180702
040 # # |a DLU  |b vie 
041 # # |a vie 
044 # # |a vn 
100 # # |a Nghiêm Thị Hải Yến.  
245 # # |a Trường học của người Việt định cư tại Cộng hòa dân chủ nhân dân Lào /  |c Nghiêm Thị Hải Yến.  
653 # # |a Giáo viên 
653 # # |a Hoạt động giáo dục 
653 # # |a Lào 
653 # # |a Người Việt 
653 # # |a Trường học 
773 # # |t Nghiên cứu Đông Nam Á  |g Số 7, 2017, tr. 62-67 
920 # # |a Phòng Tạp chí -- Trung tâm Thông tin - Thư viện Trường Đại học Đà Lạt 
994 # # |a DLU 
900 # # |a True 
911 # # |a Hoàng Thị Huyền 
925 # # |a G 
926 # # |a A 
927 # # |a BB 
980 # # |a Thư viện Trường Đại học Đà Lạt